<?xml version="1.0" encoding="UTF-8"?>
<record
    xmlns:xsi="http://www.w3.org/2001/XMLSchema-instance"
    xsi:schemaLocation="http://www.loc.gov/MARC21/slim http://www.loc.gov/standards/marcxml/schema/MARC21slim.xsd"
    xmlns="http://www.loc.gov/MARC21/slim">

  <leader>02095cam a22002058i 4500</leader>
  <datafield tag="999" ind1=" " ind2=" ">
    <subfield code="c">38202</subfield>
    <subfield code="d">38202</subfield>
  </datafield>
  <datafield tag="020" ind1=" " ind2=" ">
    <subfield code="a">9781032018911</subfield>
  </datafield>
  <datafield tag="041" ind1=" " ind2=" ">
    <subfield code="a">eng-</subfield>
  </datafield>
  <datafield tag="082" ind1="0" ind2="0">
    <subfield code="a">378.1982</subfield>
    <subfield code="b">COL-</subfield>
  </datafield>
  <datafield tag="245" ind1="0" ind2="0">
    <subfield code="a">Colonization and epistemic injustice in higher education :</subfield>
    <subfield code="b">precursors to decolonization /</subfield>
    <subfield code="c">edited by Felix Maringe.</subfield>
  </datafield>
  <datafield tag="260" ind1=" " ind2=" ">
    <subfield code="a">Abingdon, Oxon :</subfield>
    <subfield code="b">Routledge, </subfield>
    <subfield code="c">2023.</subfield>
  </datafield>
  <datafield tag="300" ind1=" " ind2=" ">
    <subfield code="a">viii, 173p. </subfield>
  </datafield>
  <datafield tag="504" ind1=" " ind2=" ">
    <subfield code="a">Includes bibliographical references and index.</subfield>
  </datafield>
  <datafield tag="520" ind1=" " ind2=" ">
    <subfield code="a">"Providing coherence in understanding the role that education and higher education played in the colonizing purposes of the rich nations of the North, this book draws from multiple geo-political spaces across the world to consider how epistemic injustice has characterized colonial higher education systems. Within this text, carefully chosen international contributors explore how colonialism, coloniality, and colonization have impacted indigenous people's ways of knowing, feeling, behaving, valuing, being, and becoming in fundamental ways and how the West's idea of education and schooling have been used as key instruments in the project of world domination and subjugation. Beyond these key entry concepts, chapters use ideas of modernity, post modernism, globalization, internationalization, and neo-liberalism to examine how higher education in colonial and post-colonial societies still answers to a colonial narrative and what can be done to decolonize the system. Unpacking the historical and philosophical antecedents of higher education and critically examining the intentions and impact of colonial assumptions behind higher education in different parts of the world, this is suitable reading for postgraduates and scholars in the field of higher education, as well as senior management teams in universities and practitioners who work directly in the field of transformation in government, and university departments"--</subfield>
  </datafield>
  <datafield tag="546" ind1=" " ind2=" ">
    <subfield code="a">English.</subfield>
  </datafield>
  <datafield tag="650" ind1=" " ind2="0">
    <subfield code="a">Indigenous peoples</subfield>
    <subfield code="x">Education (Higher)</subfield>
  </datafield>
  <datafield tag="650" ind1=" " ind2="0">
    <subfield code="a">Education, Higher</subfield>
    <subfield code="x">Social aspects.</subfield>
  </datafield>
  <datafield tag="650" ind1=" " ind2="0">
    <subfield code="a">Postcolonialism.</subfield>
  </datafield>
  <datafield tag="700" ind1="1" ind2=" ">
    <subfield code="a">Maringe, Felix</subfield>
    <subfield code="e">editor.</subfield>
  </datafield>
  <datafield tag="942" ind1=" " ind2=" ">
    <subfield code="2">ddc</subfield>
    <subfield code="c">BK</subfield>
  </datafield>
  <datafield tag="952" ind1=" " ind2=" ">
    <subfield code="0">0</subfield>
    <subfield code="1">0</subfield>
    <subfield code="4">0</subfield>
    <subfield code="7">0</subfield>
    <subfield code="a">NASSDOC</subfield>
    <subfield code="b">NASSDOC</subfield>
    <subfield code="d">2023-03-16</subfield>
    <subfield code="e">Overseas</subfield>
    <subfield code="g">0.00</subfield>
    <subfield code="l">0</subfield>
    <subfield code="o">378.1982 COL-</subfield>
    <subfield code="p">52737</subfield>
    <subfield code="r">2023-05-29 00:00:00</subfield>
    <subfield code="v">0.00</subfield>
    <subfield code="w">2023-05-29</subfield>
    <subfield code="y">BK</subfield>
  </datafield>
</record>
